<?xml version="1.0" encoding="UTF-8"?>
<collection xmlns="http://www.loc.gov/MARC21/slim">
 <record>
  <leader>04862nam a2200337 a 4500</leader>
  <controlfield tag="001">kal2578</controlfield>
  <controlfield tag="003">Gr-AtHEAL</controlfield>
  <controlfield tag="005">20160503214402.0</controlfield>
  <controlfield tag="006">m        d        </controlfield>
  <controlfield tag="008">160413s2015    gr      s           gre|c</controlfield>
  <datafield tag="020" ind1=" " ind2=" ">
   <subfield code="a">9789606031267</subfield>
  </datafield>
  <datafield tag="040" ind1=" " ind2=" ">
   <subfield code="a">GR-AtHEAL</subfield>
   <subfield code="b">gre</subfield>
   <subfield code="c">GR-AtHEAL</subfield>
  </datafield>
  <datafield tag="082" ind1="0" ind2="4">
   <subfield code="a">547.7</subfield>
   <subfield code="2">23</subfield>
  </datafield>
  <datafield tag="100" ind1="1" ind2=" ">
   <subfield code="a">Πουλάς, Κωνσταντίνος.</subfield>
   <subfield code="8">1104</subfield>
  </datafield>
  <datafield tag="245" ind1="1" ind2="0">
   <subfield code="a">Εργαστηριακές μέθοδοι ανάλυσης πρωτεϊνών</subfield>
   <subfield code="h">[Ηλεκτρονικός πόρος] </subfield>
   <subfield code="c">Πουλάς, Κωνσταντίνος ; Σιδέρης, Σωτήριος ; Κριτικός αναγνώστης,Λαγουμιντζής, Γεώργιος ; Γλωσσική επιμέλεια,Καλλιάρας, Δημήτριος.</subfield>
  </datafield>
  <datafield tag="260" ind1=" " ind2=" ">
   <subfield code="a">Αθήνα :</subfield>
   <subfield code="b">Σύνδεσμος Ελληνικών Ακαδημαϊκών Βιβλιοθηκών,</subfield>
   <subfield code="c">c2015.</subfield>
  </datafield>
  <datafield tag="490" ind1=" " ind2=" ">
   <subfield code="a">Ακαδημαϊκά Ηλεκτρονικά Συγγράμματα και Βοηθήματα Κάλλιπος</subfield>
   <subfield code="8">40</subfield>
  </datafield>
  <datafield tag="520" ind1=" " ind2=" ">
   <subfield code="a">Η Βιοχημεία αποτελεί βασικό και συστατικό μάθημα στα προγράμματα σπουδών σημαντικού αριθμού τμημάτων των Σχολών Θετικών Επιστημών και των Σχολών Επιστημών Υγείας. Η βασική εκπαίδευση και η πρακτική άσκηση των φοιτητών σε θέματα βιοχημικού ενδιαφέροντος αποτελούν την βάση για την κατανόηση των πολύπλοκων βιολογικών αντιδράσεων και την εμπέδωση πολύπλοκων βιολογικών εννοιών. Το παρόν πόνημα εστιάζει στην παρουσίαση βασικών εργαστηριακών τεχνικών για την ανάλυση και το διαχωρισμό των πρωτεϊνών. Οι πρωτεΐνες συνιστούν ιδιαζόντως ετερογενή κατηγορία βιολογικών μακρομορίων. Μακριά από το φυσικό τους περιβάλλον εμφανίζουν χημική αστάθεια και το γεγονός αυτό δημιουργεί την ανάγκη ειδικού χειρισμού κατά την απόμόνωση και την ανάλυσή τους. Η αλματώδης ανάπτυξη της τεχνολογίας του Ανασυνδυασμένου DNA και η πλειάδα των εφαρμογών που προκύπτουν από τη χρήση της, καθώς και η εξέλιξη και τελειοποίηση αναλυτικών μεθόδων καθιστούν απαραίτητη τη γνώση των βασικών αρχών απομόνωσης και χειρισμού βιολογικών δειγμάτων που περιέχουν πηγές πρωτεΐνης. Στον συγκεκριμένο Εργαστηριακό Οδηγό επιχειρείται μια διεξοδική προσέγγιση με σκοπό την κατανόηση βασικών αναλυτικών τεχνικών που αφορούν στην κλασμάτωση των πρωτεϊνών που περιέχονται σε διαλύματα αυτών. Επιχειρείται η παρουσίαση κλασικών αναλυτικών τεχνικών ποιοτικής και ποσοτικής ανάλυσης και η αποσαφήνιση των βασικών αρχών λειτουργίας καθεμιάς από αυτές. Θα παρουσιασθούν η ηλεκτροφορητική ανάλυση σε πηκτή, η χρωματογραφία μοριακού αποκλεισμού σε πηκτή, η χρωματογραφία συγγένειας και η ιονανταλλακτική χρωματογραφία.</subfield>
  </datafield>
  <datafield tag="650" ind1=" " ind2="0">
   <subfield code="a">Proteins</subfield>
   <subfield code="b">Analysis</subfield>
   <subfield code="8">2731</subfield>
  </datafield>
  <datafield tag="653" ind1=" " ind2=" ">
   <subfield code="a">Χρωματογραφία</subfield>
  </datafield>
  <datafield tag="653" ind1=" " ind2=" ">
   <subfield code="a">Ηλεκτροφόρηση</subfield>
  </datafield>
  <datafield tag="653" ind1=" " ind2=" ">
   <subfield code="a">Πρωτεΐνες</subfield>
  </datafield>
  <datafield tag="653" ind1=" " ind2=" ">
   <subfield code="a">Χημεία/Γενική χημεία</subfield>
   <subfield code="a">Βιοχημεία</subfield>
   <subfield code="a">Πρωτεΐνες</subfield>
  </datafield>
  <datafield tag="653" ind1=" " ind2=" ">
   <subfield code="a">Χημεία/Γενική χημεία</subfield>
   <subfield code="a">Βιοχημεία</subfield>
  </datafield>
  <datafield tag="700" ind1="1" ind2=" ">
   <subfield code="a">Σιδέρης, Σωτήριος</subfield>
   <subfield code="e">Συγγραφέας</subfield>
   <subfield code="8">1105</subfield>
  </datafield>
  <datafield tag="700" ind1="1" ind2=" ">
   <subfield code="a">Λαγουμιντζής, Γεώργιος</subfield>
   <subfield code="e">Κριτικός αναγνώστης</subfield>
   <subfield code="8">1106</subfield>
  </datafield>
  <datafield tag="856" ind1="4" ind2="0">
   <subfield code="u">http://hdl.handle.net/11419/2578</subfield>
   <subfield code="z">Πλήρες Κείμενο - Full text</subfield>
  </datafield>
  <datafield tag="907" ind1=" " ind2=" ">
   <subfield code="a">.b25679375</subfield>
   <subfield code="b">12-06-18</subfield>
   <subfield code="c">29-07-16</subfield>
  </datafield>
  <datafield tag="949" ind1=" " ind2=" ">
   <subfield code="0">0</subfield>
   <subfield code="1">0</subfield>
   <subfield code="2">ddc</subfield>
   <subfield code="4">0</subfield>
   <subfield code="6">547_700000000000000_ΠΟΥ</subfield>
   <subfield code="7">0</subfield>
   <subfield code="8">KALL</subfield>
   <subfield code="8">696</subfield>
   <subfield code="d">2016-04-13</subfield>
   <subfield code="r">2016-04-13</subfield>
   <subfield code="w">2016-04-13</subfield>
   <subfield code="z">547.7 ΠΟΥ</subfield>
   <subfield code="o">SEAB KALLIPOS</subfield>
  </datafield>
  <datafield tag="998" ind1=" " ind2=" ">
   <subfield code="a">80</subfield>
   <subfield code="a">01</subfield>
   <subfield code="a">02</subfield>
   <subfield code="a">03</subfield>
   <subfield code="a">04</subfield>
   <subfield code="a">05</subfield>
   <subfield code="a">06</subfield>
   <subfield code="a">07</subfield>
   <subfield code="a">08</subfield>
   <subfield code="a">09</subfield>
   <subfield code="a">10</subfield>
   <subfield code="a">11</subfield>
   <subfield code="a">12</subfield>
   <subfield code="a">13</subfield>
   <subfield code="a">14</subfield>
   <subfield code="a">15</subfield>
   <subfield code="a">16</subfield>
   <subfield code="a">17</subfield>
   <subfield code="a">18</subfield>
   <subfield code="a">19</subfield>
   <subfield code="a">20</subfield>
   <subfield code="a">21</subfield>
   <subfield code="a">22</subfield>
   <subfield code="a">23</subfield>
   <subfield code="a">24</subfield>
   <subfield code="a">25</subfield>
   <subfield code="a">26</subfield>
   <subfield code="b">16-05-17</subfield>
   <subfield code="c">m</subfield>
   <subfield code="d">z  </subfield>
   <subfield code="e">-</subfield>
   <subfield code="f">gre</subfield>
   <subfield code="g">gr </subfield>
   <subfield code="h">0</subfield>
  </datafield>
  <datafield tag="942" ind1=" " ind2=" ">
   <subfield code="2">ddc</subfield>
   <subfield code="c">KALLIPOS</subfield>
  </datafield>
 </record>
</collection>
